Tschechiens Fußballer des Jahres - Statistiken

Allgemein
  • Dieses Quiz wurde 202 mal gespielt
  • Das Durchschnittsergebnis liegt bei 16 aus 25
Antwortstatistiken
Jahr Spieler Verein/e Land % Korrekt
1998 Pavel Nedved Lazio Rom Italien
85%
2000 Pavel Nedved Lazio Rom Italien
85%
2003 Pavel Nedved Juventus Turin Italien
85%
2004 Pavel Nedved Juventus Turin Italien
85%
2005 Petr Cech FC Chelsea England
85%
2008 Petr Cech FC Chelsea England
85%
2009 Petr Cech FC Chelsea England
85%
2010 Petr Cech FC Chelsea England
85%
2011 Petr Cech FC Chelsea England
85%
2012 Petr Cech FC Chelsea England
85%
2013 Petr Cech FC Chelsea England
85%
2015 Petr Cech FC Chelsea/FC Arsenal England
85%
2016 Petr Cech FC Arsenal England
85%
2001 Tomás Rosický Borussia Dortmund Deutschland
74%
2002 Tomás Rosický Borussia Dortmund Deutschland
74%
2006 Tomás Rosický Borussia Dortmund/FC Arsenal Deutschland/England
74%
1999 Jan Koller SC Lokeren/RSC Anderlecht Belgien
63%
2019 Tomás Soucek SK Slavia Prag Tschechien
57%
2020 Tomás Soucek West Ham United England
57%
2017 Vladimír Darida Hertha BSC Deutschland
40%
2018 Tomás Vaclík FC Basel 1893/FC Sevilla Schweiz/Spanien
20%
1997 Jiri Nemec FC Schalke 04 Deutschland
19%
1996 Patrik Berger Borussia Dortmund/FC Liverpool Deutschland/England
15%
2007 Marek Jankulovski AC Mailand Italien
12%
2014 David Lafata AC Sparta Prag England
2%
Keine übereinstimmenden Quizze gefunden
Verteilung der Resultate
Anzahl Personen mit jedem Resultat
Perzentil nach korrekt beantworteten Fragen
Ihre Resultats-Entwicklung
Sie haben dieses Quiz noch nicht gespielt